书目信息 |
| 题名: |
奚啸伯唱腔琴谱集
|
|
| 作者: | 许俊德 记谱 | |
| 分册: | ||
| 出版信息: | 北京 中国戏剧出版社 2020.6 |
|
| 页数: | 16,364页 | |
| 开本: | 27cm | |
| 丛书名: | ||
| 单 册: | ||
| 中图分类: | J642.411 | |
| 科图分类: | ||
| 主题词: | 京剧--唱腔--作品集--中国 | |
| 电子资源: | ||
| ISBN: | 978-7-104-05027-8 | |
| 000 | 01164nam0 2200241 45 | |
| 001 | 012001001357 | |
| 005 | 20130911103903.0 | |
| 010 | @a978-7-104-05027-8@dCNY228.00 | |
| 100 | @a20201225d2020 em y0chiy0110 ea | |
| 101 | 0 | @achi |
| 102 | @aCN@b110000 | |
| 105 | @aag z 010yy | |
| 106 | @ar | |
| 200 | 1 | @a奚啸伯唱腔琴谱集@Axi xiao bo chang qiang qin pu ji@f许俊德记谱/编选 |
| 210 | @a北京@c中国戏剧出版社@d2020.6 | |
| 215 | @a16,364页@c照片@d27cm | |
| 300 | @a中国戏曲艺术大系(二期) 京剧卷 “十三五”国家重点图书出版规划项目 中国京剧艺术基金会资助出版 纪念奚啸伯先生诞辰110周年 | |
| 330 | @a本书为名列京剧“后四大须生”之一的奚啸伯表演剧目经典唱段的唱腔琴谱集,收录了如《将相和》《上天台》《白帝城》《击鼓骂曹》《失街亭》《坐楼杀惜》《空城计》《斩马谡》《珠帘寨》《秦琼卖马》《四郎探母·坐宫》《十道本》《清官册》《二堂舍子》《三娘教子》《法门寺》等二十多部传统京剧剧目中经典唱段的琴谱和唱腔,还有一些特定历史时期创演的新戏如《霓虹灯下的哨兵》《红云崖》等。 | |
| 606 | 0 | @a京剧@x唱腔@x作品集@y中国 |
| 690 | @aJ642.411@v5 | |
| 701 | 0 | @a许俊德@Axu jun de@f(1940.10-)@4记谱@4编选 |
| 801 | @aCN@b江苏凤凰@c20211018 | |
| 905 | @b1343191-3@dJ642.411@e287@f3 | |
| 奚啸伯唱腔琴谱集/许俊德记谱/编选.-北京:中国戏剧出版社,2020.6 |
| 16,364页:照片;27cm |
| 中国戏曲艺术大系(二期) 京剧卷 “十三五”国家重点图书出版规划项目 中国京剧艺术基金会资助出版 纪念奚啸伯先生诞辰110周年 |
| ISBN 978-7-104-05027-8:CNY228.00 |
| 本书为名列京剧“后四大须生”之一的奚啸伯表演剧目经典唱段的唱腔琴谱集,收录了如《将相和》《上天台》《白帝城》《击鼓骂曹》《失街亭》《坐楼杀惜》《空城计》《斩马谡》《珠帘寨》《秦琼卖马》《四郎探母·坐宫》《十道本》《清官册》《二堂舍子》《三娘教子》《法门寺》等二十多部传统京剧剧目中经典唱段的琴谱和唱腔,还有一些特定历史时期创演的新戏如《霓虹灯下的哨兵》《红云崖》等。 |
| ● |
| 相关链接 |
|
|
|
|
正题名:奚啸伯唱腔琴谱集
索取号:J642.411/287
 
预约/预借
| 序号 | 登录号 | 条形码 | 馆藏地/架位号 | 状态 | 备注 |
| 1 | 1343191 | 213431918 | 第一样本阅览室/ [索取号:J642.411/287] | 在馆 | |
| 2 | 1343192 | 213431927 | 第一借阅区/ [索取号:J642.411/287] | 在馆 | |
| 3 | 1343193 | 213431936 | 第一借阅区/ [索取号:J642.411/287] | 在馆 |